书目信息 |
| 题名: |
德语词汇速速成
|
|
| 作者: | 塔洛维茨 , 范德里希 编著 ;吴毅 译 | |
| 分册: | ||
| 出版信息: | 北京 外语教学与研究出版社 2005.09 |
|
| 页数: | 278页 | |
| 开本: | 26cm | |
| 丛书名: | ||
| 单 册: | ||
| 中图分类: | H333 | |
| 科图分类: | ||
| 主题词: | 德语--de yu--词汇 | |
| 电子资源: | ||
| ISBN: | 7-5600-4897-8 | |
| 000 | 01630nam0 2200265 450 | |
| 001 | 012007562267 | |
| 005 | 20070521112302.20 | |
| 010 | @a7-5600-4897-8@dCNY32.90 | |
| 100 | @a20070320d2005 km y0chiy0120 ea | |
| 101 | 2 | @achi@ager@cger |
| 102 | @aCN@b110000 | |
| 105 | @aa z 000yy | |
| 200 | 1 | @a德语词汇速速成@Ade yu ci hui su su cheng@d= Sage und schreibe,Ubungswortschatz Grundstufe Deutsch in 99 Kapiteln@f(德) Christian Fandrych, Ulrike Tallowitz编著@F(de)Christian Fandrych,Ulrike Tallowitz bian zhu@g吴毅译@Gwu yi yi@zger |
| 210 | @a北京@c外语教学与研究出版社@d2005.09 | |
| 215 | @a278页@c图@d26cm | |
| 314 | @a责任者Fandrych汉译姓取自在版编目: 范德里希; 责任者Tallowitz汉译姓取自在版编目: 塔洛维茨 | |
| 330 | @a本书既是入门者自学提高不可多得的辅助材料,也是德语教师为学生巩固词汇的优秀素材,特点非常鲜明:约2400个德语基本词汇,按照难度递进编排成99章;每章为一个日常生活及市面通用教材的常见主题,可搭配任何教材使用;采用左页讲解、右页练习的形式,所有练习皆有答案,可满足自学需求;使用简短的小对话和小文章展示词汇的典型用法,配有诙谐的小插图;“参见”提示使相关主题相互联系,引导学习者将词汇融会贯通;包含所有Zertifikat Deutsch 考试要求词汇,同时也适用于欧洲语音测评协会推出的A1,A2,B1语言水平测试;书后配有词汇表,按字母顺序排列,加入中文释义。 | |
| 500 | 10 | @aSage und schreibe,Ubungswortschatz Grundstufe Deutsch in 99 Kapiteln@mchinese |
| 606 | 0 | @a德语@Ade yu@j词汇 |
| 690 | @aH333@v4 | |
| 701 | 1 | @a塔洛维茨@Ata luo wei ci@g(Tallowitz, Ulrike)@4编著 |
| 701 | 1 | @a范德里希@Afan de li xi@g(Fandrych, Christian)@4编著 |
| 702 | 0 | @a吴毅@Awu yi@4译 |
| 801 | 0 | @aCN@c20070521 |
| 905 | @a10447@dH333@eF103 | |
| 德语词汇速速成= Sage und schreibe,Ubungswortschatz Grundstufe Deutsch in 99 Kapiteln/(德) Christian Fandrych, Ulrike Tallowitz编著/吴毅译.-北京:外语教学与研究出版社,2005.09 |
| 278页:图;26cm |
| ISBN 7-5600-4897-8:CNY32.90 |
| 本书既是入门者自学提高不可多得的辅助材料,也是德语教师为学生巩固词汇的优秀素材,特点非常鲜明:约2400个德语基本词汇,按照难度递进编排成99章;每章为一个日常生活及市面通用教材的常见主题,可搭配任何教材使用;采用左页讲解、右页练习的形式,所有练习皆有答案,可满足自学需求;使用简短的小对话和小文章展示词汇的典型用法,配有诙谐的小插图;“参见”提示使相关主题相互联系,引导学习者将词汇融会贯通;包含所有Zertifikat Deutsch 考试要求词汇,同时也适用于欧洲语音测评协会推出的A1,A2,B1语言水平测试;书后配有词汇表,按字母顺序排列,加入中文释义。 |
| ● |
| 相关链接 |
|
|
|
正题名:德语词汇速速成
索取号:H333/F103
 
预约/预借
| 序号 | 登录号 | 条形码 | 馆藏地/架位号 | 状态 | 备注 |
| 1 | 238350 | 202383508 | 语言库209/209语言库 119排1列3层/ [索取号:H333/F103] | 在馆 | |
| 2 | 238351 | 202383517 | 语言库209/209语言库 119排1列3层/ [索取号:H333/F103] | 在馆 |